000 nam a22 c 4500
999 _c128449
_d128449
003 BLK
005 20210723083915.0
008 180409b bul|||||| ||||||| ||bul||
010 _aKNG00134171000
040 _aBLK
041 _aBUL
_cBUL
080 _aДруги видове наказания и възпитателни мерки
_b343.27/.28
_x(497.2)
_z343.27/.28(497.2)
100 1 _aБобчевски, Петър Калчев
_eпърви автор
_9321249
139 _aБобчевски, Петър Калчев
_bБ 53
245 1 0 _aЗапор
_bИз съдебний ни живот
_cПетър Калчев Бобчевски.
257 _aBGR
260 _bв. Черно море
_c1892
_fВарна : печ. Л. Нитче
_aВарна
300 _a48 с.
_c19 см
380 _a3
490 _9435080
_aКолекция Редки и ценни издания
500 _aПодарък на платилите си абонамента на в. Черно море.
650 4 _aНаказания (право)
_9163184
651 4 _aБългария
_9241624
653 _aнаказания
852 _aРб 892
_bРц
856 4 _qpdf
856 4 _qpdf
942 _cKNG
_n0
_s1
944 _aCR
_c25.09.2012
_l25.09.2012 - от С1,Р / 25.09.2012
_kПравда_Бадева
944 _aED
_c25.09.2012
_l25.09.2012 - от С1,Р / 25.09.2012
944 _aED
_c2021-07-23
_l2021-07-23
999 _d128449